00953cam a2200277 a 450000100100000000500170001000800410002702000150006804000180008308200180010110000350011924500860015426000320024030000280027249000290030050400300032965000280035965000310038770000340041883000370045291000340048991000070052304900090053095201210053999900150066000000766320240226143822.0950612s1994 sp a 000 f spa d a843761287x aDO-SdBNPcDLC a863.64bC174e1 aCamba, Julio,d1882-19629309410aEsto, lo otro y lo de más allá /cJulio Camba ; edición de Mario Parajón. aMadrid :bCátedra,c1994. a210 p. :bil. ;c18 cm.1 aLetras hispánicasv382 aBibliográfias p. 47-49. 4aNovela española91123 4aLiteratura española96321 aParajón, Mario,eed.921243 0aLetras Hispánicas ;v38294208 aCatalogación por copia / LC aWM aBNGR 001054708MOaGRbGRcHDd2009-09-09iLF1l0o863.64 C174ep7663-10r2020-06-25w2020-06-25y4ZPréstamo en sala c7443d7443